My Colourful 101 Stories For Boys & Girls : CAPTIVATING STORIES

Bibliographic Details
Format: Book
Published: Sungai Buloh, Selangor : Mind To Mind (M) Sdn. Bhd. [2023?]
Subjects:

MARC

LEADER 00000cam a2200000 7i4500
001 0000312708
005 20240403142329.0
006 ### ###
007 t
008 my a j eng
020 |a 9789670062488 
040 |a MBPJ   |b eng   |c MBPJ   |e rda 
090 0 0 |a JF   |b MYC 
245 0 0 |a My Colourful 101 Stories For Boys & Girls :   |b CAPTIVATING STORIES 
246 3 |a My colourful one hundred and one stories for boys & girls 
264 1 |a Sungai Buloh, Selangor :   |b Mind To Mind (M) Sdn. Bhd.   |c [2023?] 
300 |a 101 pages :   |b colour illustrations ;   |c 27 cm. 
336 |a still image  |2 rdacontent 
336 |a text  |2 rdacontent 
337 |a unmediated  |2 rdamedia 
338 |a volume  |2 rdacarrier 
650 0 |a Children's stories 
650 0 |a Fairy tales, English 
999 |a 00410927   |b BUKU   |c PINJAMAN   |e PERPUSTAKAAN KOMUNITI CAW KOTA DAMANSARA